| 000 | 01264nam a22003737a 4500 | ||
|---|---|---|---|
| 001 | BR2018000985 | ||
| 003 | BR-BrBNA | ||
| 005 | 20230928105241.0 | ||
| 007 | ta | ||
| 008 | 230509b bl.||||| |||| 00| 0 por d | ||
| 040 |
_aBR-BrBNA _bpor _cBiblioteca Nacional de Agricultura |
||
| 041 | _a(Por) | ||
| 072 | _aL10 | ||
| 090 | _ L10 BR2018000985 | ||
| 100 | 1 | _aStringfellow, D.A.(ed.) | |
| 100 | 1 | _aGivens, M.D.(ed.) | |
| 110 | 1 |
_aSociedade Brasileira de Tecnologia de Embriões, Jaboticabal, SP (Brasil) _99795 |
|
| 245 | 1 | _aManual da Sociedade Internacional de Transferência de Embriões: um guia de procedimentos e informação geral para o uso da tecnologia de transferência de embriões enfatizando procedimentos sanitários | |
| 250 | 1 | _a4. ed. | |
| 260 | 3 |
_aJaboticabal, SP (Brasil): _c2010. |
|
| 300 | _a175 p. | ||
| 500 | _aSeveral bibliography; 16 illus.; 10 tables | ||
| 650 | _aEMBRIÃO ANIMAL | ||
| 650 | _aGENÉTICA ANIMAL | ||
| 650 | _aENGENHARIA GENÉTICA | ||
| 650 | _aTRANSFERÊNCIA DE EMBRIÃO | ||
| 650 | _aREPRODUÇÃO ANIMAL | ||
| 650 | _aCOMERCIALIZAÇÃO | ||
| 650 | _aPROFILAXIA | ||
| 650 | _aCONTROLE DE QUALIDADE | ||
| 650 | _aHIGIENE VETERINÁRIA | ||
| 909 |
_a202309 _bLucia _c55 _dLucia Elande |
||
| 942 | _cBK | ||
| 999 |
_c84281 _d84281 |
||